[Event "Foment Martinenc op-A 20th"]
[Site "Barcelona"]
[Date "2018.05.05"]
[Round "3"]
[White "Bieg Pagel, Clemens"]
[Black "Sanchez Perales, Ezequiel"]
[Result "0-1"]
[WhiteElo "1849"]
[BlackElo "2130"]
[PlyCount "66"]
[EventDate "2018.04.21"]
[EventType "swiss"]
[EventRounds "9"]
[EventCountry "ESP"]
[SourceTitle "CBM 184 Extra"]
[Source "ChessBase"]
[SourceDate "2018.06.28"]
[SourceVersion "1"]
[SourceVersionDate "2018.06.28"]
[SourceQuality "1"]

1. e4 e5 2. Nf3 Nc6 3. Bb5 a6 4. Ba4 Nf6 5. 0-0 Be7 6. Re1 b5 7. Bb3 0-0 8. c3 d5 9. exd5 Nxd5 10. Nxe5 Nxe5 11. Rxe5 c6 12. d4 Bd6 13. Re1 Qh4 14. g3 Qh3 15. Re4 g5 16. Qf1 Qxf1+ 17. Kxf1 Bh3+ 18. Kg1 f5 19. Re5 Bxe5 20. dxe5 f4 21. Nd2 Rae8 22. f3 Rxe5 23. Kf2 Kh8 24. Ne4 g4 25. gxf4 Nxf4 26. Be3 Ne6 27. Nd2 c5 28. Re1 c4 29. Bd1 Kg8 30. b3 Nf4 31. Kg3 Ng2 32. Re2 Rxe3 33. Rxe3 Nxe3 0-1

[Event "Foment Martinenc op-A 20th"]
[Site "Barcelona"]
[Date "2018.04.28"]
[Round "2"]
[White "Sanchez Perales, Ezequiel"]
[Black "Aguadero Casado, Jorge Ignacio"]
[Result "1-0"]
[WhiteElo "2130"]
[BlackElo "1659"]
[PlyCount "101"]
[EventDate "2018.04.21"]
[EventType "swiss"]
[EventRounds "9"]
[EventCountry "ESP"]
[SourceTitle "CBM 184 Extra"]
[Source "ChessBase"]
[SourceDate "2018.06.28"]
[SourceVersion "1"]
[SourceVersionDate "2018.06.28"]
[SourceQuality "1"]

1. e4 c6 2. d4 d5 3. Nc3 dxe4 4. Nxe4 Nd7 5. Nf3 Ngf6 6. Ng3 e6 7. Bd3 Be7 8. 0-0 0-0 9. Ne5 c5 10. c3 cxd4 11. cxd4 Nb6 12. Be3 Nbd5 13. Rc1 Bd7 14. Qf3 Rc8 15. Ne4 Qb6 16. Nc4 Qd8 17. h3 Bc6 18. Ne5 Qb6 19. Nc4 Qd8 20. Ne5 Qb6 21. Nxc6 Rxc6 22. Rxc6 Qxc6 23. Nd2 Nb4 24. Qxc6 Nxc6 25. Bb5 Nb4 26. Rc1 Nbd5 27. Nb3 b6 28. Bg5 Bd6 29. Nd2 h6 30. Be3 Nc7 31. Be2 b5 32. Nb3 Nfd5 33. Na5 a6 34. Bf3 Rb8 35. Nc6 Rb6 36. Bd2 b4 37. Ne5 f6 38. Nd7 Rb7 39. Rc6 Be7 40. Rxe6 Nxe6 41. Bxd5 Rc7 42. Bxe6+ Kh8 43. Nb8 Rc2 44. Be3 Rxb2 45. Nxa6 Rb1+ 46. Kh2 g5 47. Nc5 Kg7 48. Ne4 h5 49. g4 h4 50. Bb3 Rb2 51. Kg2 1-0

[Event "Barcelona Tupinamba op 8th"]
[Site "Barcelona"]
[Date "2013.05.08"]
[Round "7"]
[White "Serrano Pertinez, Miquel"]
[Black "Sanchez Perales, Ezequiel"]
[Result "0-1"]
[WhiteElo "2074"]
[BlackElo "2150"]
[PlyCount "110"]
[EventDate "2013.03.13"]
[EventType "swiss"]
[EventRounds "9"]
[EventCountry "ESP"]
[SourceTitle "EXT 2014"]
[Source "ChessBase"]
[SourceDate "2013.11.20"]
[SourceVersion "1"]
[SourceVersionDate "2013.11.20"]
[SourceQuality "1"]

1. c4 Nf6 2. Nc3 g6 3. d4 Bg7 4. Nf3 0-0 5. Bg5 c5 6. e3 d6 7. Be2 Nc6 8. 0-0 Bg4 9. h3 Bxf3 10. Bxf3 Nd7 11. Rb1 h6 12. Bh4 cxd4 13. exd4 Nxd4 14. Bxb7 Rb8 15. Be4 Nc5 16. Re1 Nxe4 17. Rxe4 Nf5 18. Qc2 Nxh4 19. Rxh4 e6 20. Re4 Qa5 21. Rd1 Rfd8 22. Na4 d5 23. cxd5 exd5 24. Rg4 h5 25. b4 Qb5 26. Rf4 Be5 27. Rh4 Rdc8 28. Nc5 d4 29. Qe4 Bg7 30. a3 a5 31. Qd3 axb4 32. axb4 Qxd3 33. Nxd3 Rc3 34. Re4 Rb3 35. Kf1 Rc8 36. Ke2 Kf8 37. f4 Rc6 38. g4 f5 39. gxf5 gxf5 40. Re5 Bxe5 41. fxe5 Rcc3 42. Rd2 Ke7 43. Nf4 Re3+ 44. Kd1 Re4 45. Rf2 d3 46. Rf3 Rxe5 47. Ng6+ Ke6 48. Nxe5 Kxe5 49. Kd2 Ke4 50. Re3+ Kd4 51. Re8 Rb2+ 52. Kc1 Rxb4 53. Rh8 Ke3 54. Re8+ Re4 55. Rf8 Ke2 0-1

[Event "Barcelona Chavarria Memorial 1st"]
[Site "Barcelona"]
[Date "2012.11.14"]
[Round "7"]
[White "Gonzalez Perez, Arian"]
[Black "Sanchez Perales, Ezequiel"]
[Result "1-0"]
[WhiteElo "2499"]
[BlackElo "2128"]
[PlyCount "83"]
[EventDate "2012.10.03"]
[EventType "swiss"]
[EventRounds "9"]
[EventCountry "ESP"]
[SourceTitle "EXT 2014"]
[Source "ChessBase"]
[SourceDate "2013.11.20"]
[SourceVersion "1"]
[SourceVersionDate "2013.11.20"]
[SourceQuality "1"]

1. e4 c5 2. Nf3 d6 3. d4 cxd4 4. Nxd4 Nf6 5. Nc3 g6 6. Be3 Bg7 7. f3 0-0 8. Qd2 Nc6 9. 0-0-0 d5 10. Kb1 Nxd4 11. e5 Nc6 12. exf6 exf6 13. Nxd5 Be6 14. Nf4 Qxd2 15. Rxd2 Rfd8 16. Nxe6 fxe6 17. Bc4 Kf7 18. Rhd1 b6 19. Rd7+ Rxd7 20. Rxd7+ Ne7 21. Rd6 Nf5 22. Rxe6 Nxe3 23. Rxe3+ Kf8 24. Rd3 Ke7 25. Bd5 Rc8 26. c4 f5 27. a3 f4 28. Rd2 Be5 29. Ka2 Rc7 30. b4 Kf6 31. Kb3 h5 32. Ka4 g5 33. Kb5 g4 34. c5 bxc5 35. bxc5 g3 36. h3 h4 37. c6 Ke7 38. Ka6 Bd6 39. a4 Bc5 40. Be4 Be3 41. Rb2 Kd8 42. Rb4 1-0

[Event "Barcelona Chavarria Memorial 1st"]
[Site "Barcelona"]
[Date "2012.10.24"]
[Round "4"]
[White "Sanchez Perales, Ezequiel"]
[Black "Vehi Bach, Victor Manuel"]
[Result "1/2-1/2"]
[WhiteElo "2128"]
[BlackElo "2326"]
[PlyCount "79"]
[EventDate "2012.10.03"]
[EventType "swiss"]
[EventRounds "9"]
[EventCountry "ESP"]
[SourceTitle "EXT 2014"]
[Source "ChessBase"]
[SourceDate "2013.11.20"]
[SourceVersion "1"]
[SourceVersionDate "2013.11.20"]
[SourceQuality "1"]

1. e4 c5 2. Nf3 e6 3. d4 cxd4 4. Nxd4 a6 5. Nc3 d6 6. Be3 Nf6 7. f3 Nc6 8. Qd2 Be7 9. g4 0-0 10. 0-0-0 Nd7 11. h4 Nde5 12. Qg2 Nxd4 13. Rxd4 b5 14. g5 Qc7 15. f4 Nc6 16. Rd1 Bb7 17. Qf2 Rac8 18. Bb6 Qb8 19. f5 b4 20. Ne2 Ne5 21. Ng3 Bd8 22. Bxd8 Rfxd8 23. Bh3 Re8 24. Rhe1 Qc7 25. Kb1 a5 26. Nh5 Qc5 27. Qxc5 dxc5 28. fxe6 fxe6 29. Rd6 Rc6 30. Red1 Rxd6 31. Rxd6 Bxe4 32. Bxe6+ Kf8 33. Ng3 Nf7 34. Bxf7 Kxf7 35. b3 Bf3 36. Ra6 Ra8 37. Rd6 Re8 38. Ra6 Ra8 39. Rd6 Re8 40. Ra6 1/2-1/2

[Event "Barcelona Chavarria Memorial 1st"]
[Site "Barcelona"]
[Date "2012.10.17"]
[Round "3"]
[White "Hernando Rodrigo, Julio Antonio"]
[Black "Sanchez Perales, Ezequiel"]
[Result "0-1"]
[WhiteElo "2336"]
[BlackElo "2128"]
[PlyCount "52"]
[EventDate "2012.10.03"]
[EventType "swiss"]
[EventRounds "9"]
[EventCountry "ESP"]
[SourceTitle "EXT 2014"]
[Source "ChessBase"]
[SourceDate "2013.11.20"]
[SourceVersion "1"]
[SourceVersionDate "2013.11.20"]
[SourceQuality "1"]

1. d4 Nf6 2. c4 g6 3. Nc3 Bg7 4. e4 d6 5. Be2 0-0 6. Bg5 Na6 7. d5 Nb8 8. Qd2 Re8 9. 0-0-0 Nbd7 10. Kb1 Nc5 11. f3 c6 12. h4 cxd5 13. cxd5 Bd7 14. Bh6 Bh8 15. h5 b5 16. hxg6 fxg6 17. Bxb5 Bxb5 18. Nxb5 Rb8 19. Nc3 Qa5 20. Be3 Nfxe4 21. Nxe4 Rxb2+ 22. Qxb2 Bxb2 23. Bxc5 Rb8 24. Nd2 dxc5 25. Nb3 Bc3 26. Ne2 c4 0-1

[Event "Catalunya-chT Primera Gp1"]
[Site "Catalunya"]
[Date "2008.02.17"]
[Round "4"]
[White "Sanchez Perales, Ezequiel"]
[Black "Pares Peris, Jordi"]
[Result "1/2-1/2"]
[WhiteElo "2177"]
[BlackElo "2150"]
[PlyCount "58"]
[EventDate "2008.01.27"]
[EventType "team-tourn"]
[EventRounds "9"]
[EventCountry "ESP"]
[SourceTitle "EXT 2019"]
[Source "ChessBase"]
[SourceDate "2018.10.10"]
[SourceVersion "1"]
[SourceVersionDate "2018.10.10"]
[SourceQuality "1"]

1. e4 e5 2. Nf3 Nc6 3. Bb5 a6 4. Ba4 Nf6 5. 0-0 b5 6. Bb3 Bc5 7. c3 d6 8. d4 Bb6 9. dxe5 Nxe5 10. Nxe5 dxe5 11. Qxd8+ Kxd8 12. Bg5 Ke7 13. Bd5 Rb8 14. a4 h6 15. Bxf6+ gxf6 16. axb5 axb5 17. Na3 Bd7 18. Nc2 c6 19. Bb3 Bc8 20. Ne3 Rd8 21. Rfd1 Rxd1+ 22. Bxd1 Be6 23. Kf1 Rd8 24. Ke2 Bxe3 25. Kxe3 f5 26. exf5 Bxf5 27. Ra7+ Rd7 28. Rxd7+ Kxd7 29. f4 Kd6 1/2-1/2

[Event "Barcelona Sants op 08th"]
[Site "Barcelona"]
[Date "2006.08.27"]
[Round "3"]
[White "Narciso Dublan, Marc"]
[Black "Sanchez Perales, Ezequiel"]
[Result "1-0"]
[WhiteElo "2467"]
[BlackElo "2238"]
[PlyCount "65"]
[EventDate "2006.08.25"]
[EventType "swiss"]
[EventRounds "10"]
[EventCountry "ESP"]
[SourceTitle "CBM 113 Extra"]
[Source "ChessBase"]
[SourceDate "2006.09.14"]
[SourceVersion "1"]
[SourceVersionDate "2006.09.14"]
[SourceQuality "1"]

1. c4 e5 2. g3 Nf6 3. Bg2 Bc5 4. Nc3 0-0 5. e3 Nc6 6. Nge2 Re8 7. 0-0 d6 8. d4 exd4 9. exd4 Bb6 10. h3 Bf5 11. Kh2 a6 12. Bg5 h6 13. Bxf6 Qxf6 14. Nd5 Qd8 15. Nxb6 cxb6 16. Nc3 Rc8 17. Qd2 Na5 18. b3 b5 19. cxb5 axb5 20. Nxb5 Rc2 21. Qf4 Bd3 22. Nxd6 Re7 23. Rfc1 Rd7 24. Nf5 Qf6 25. Rxc2 Bxc2 26. Ne3 Qxf4 27. gxf4 Bd3 28. d5 b6 29. Rd1 Ba6 30. Rc1 g6 31. Ng4 Kg7 32. Ne5 Rd6 33. Rc7 1-0

[Event "Barcelona op-A"]
[Site "Barcelona"]
[Date "2003.??.??"]
[Round "1"]
[White "Sanchez Perales, Ezequiel"]
[Black "Cortes Ventura, Joaquim"]
[Result "1-0"]
[WhiteElo "2184"]
[BlackElo "2069"]
[PlyCount "37"]
[EventDate "2003.04.??"]
[EventType "swiss"]
[EventRounds "7"]
[EventCountry "ESP"]
[SourceTitle "EXT 2010"]
[Source "ChessBase"]
[SourceDate "2010.11.25"]
[SourceVersion "1"]
[SourceVersionDate "2010.11.25"]
[SourceQuality "1"]

1. e4 c5 2. Nf3 e6 3. d4 cxd4 4. Nxd4 Nf6 5. Nc3 Nc6 6. Be3 Bb4 7. Bd3 d5 8. exd5 Qxd5 9. 0-0 Bxc3 10. bxc3 Bd7 11. Nb5 Rc8 12. c4 Qe5 13. Re1 a6 14. Ba7 Qxe1+ 15. Qxe1 axb5 16. Bc5 Nb8 17. Qe5 Na6 18. Bd6 bxc4 19. Be2 1-0

[Event "Barcelona op"]
[Site "Barcelona"]
[Date "2002.10.11"]
[Round "2"]
[White "Sanchez Perales, Ezequiel"]
[Black "Bonay Toscas, Santiago"]
[Result "1/2-1/2"]
[WhiteElo "2270"]
[BlackElo "2050"]
[PlyCount "68"]
[EventDate "2002.10.14"]
[EventType "swiss"]
[EventRounds "8"]
[EventCountry "ESP"]
[SourceTitle "EXT 2004"]
[Source "ChessBase"]
[SourceDate "2003.11.25"]
[SourceVersion "1"]
[SourceVersionDate "2003.11.25"]
[SourceQuality "1"]

1. e4 b6 2. Nc3 Bb7 3. Nf3 e6 4. d4 c5 5. Be2 Nf6 6. e5 Ne4 7. 0-0 d5 8. exd6 Nxc3 9. bxc3 Bxd6 10. Bb5+ Bc6 11. Bxc6+ Nxc6 12. Bg5 Be7 13. Bxe7 Nxe7 14. Qd3 0-0 15. Rfd1 Qc7 16. Rd2 Rfd8 17. Qe4 Rac8 18. Rad1 Nd5 19. Ng5 Nf6 20. Qh4 h6 21. Ne4 Nxe4 22. Qxe4 Rd5 23. h3 Rcd8 24. c4 Rxd4 25. Rxd4 Rxd4 26. Rxd4 cxd4 27. Qxd4 f6 28. h4 h5 29. Qe4 Kf7 30. Qa8 a5 31. Qe4 g6 32. a3 f5 33. Qd4 e5 34. Qd5+ Kg7 1/2-1/2

[Event "Sant Boi op"]
[Site "Sant Boi de Llobregat"]
[Date "1998.??.??"]
[Round "2"]
[White "Montilla Carrillo, Esteban"]
[Black "Sanchez Perales, Ezequiel"]
[Result "1-0"]
[WhiteElo "2350"]
[BlackElo "2265"]
[PlyCount "47"]
[EventDate "1998.??.??"]
[EventType "swiss"]
[EventRounds "8"]
[EventCountry "ESP"]
[SourceTitle "EXT 2003"]
[Source "ChessBase"]
[SourceDate "2002.11.25"]
[SourceVersion "1"]
[SourceVersionDate "2002.11.25"]
[SourceQuality "1"]

1. e4 e5 2. Nf3 Nc6 3. Bb5 a6 4. Ba4 Nf6 5. 0-0 Bc5 6. c3 b5 7. Bc2 d6 8. d4 Bb6 9. dxe5 dxe5 10. Qxd8+ Kxd8 11. a4 b4 12. a5 Nxa5 13. Nxe5 b3 14. Bd3 Ke8 15. Bg5 Bb7 16. Nd2 h6 17. Bxf6 gxf6 18. Nec4 Rd8 19. Nxa5 Rxd3 20. Ndxb3 Bxe4 21. Rfe1 f5 22. Nc4 Rg8 23. g3 Kd7 24. Ne5+ 1-0

[Event "Sant Boi op"]
[Site "Sant Boi de Llobregat"]
[Date "1998.??.??"]
[Round "7"]
[White "Sanchez Perales, Ezequiel"]
[Black "Rovira Ruiz, Enric"]
[Result "1-0"]
[WhiteElo "2265"]
[BlackElo "2020"]
[PlyCount "71"]
[EventDate "1998.??.??"]
[EventType "swiss"]
[EventRounds "8"]
[EventCountry "ESP"]
[SourceTitle "EXT 2003"]
[Source "ChessBase"]
[SourceDate "2002.11.25"]
[SourceVersion "1"]
[SourceVersionDate "2002.11.25"]
[SourceQuality "1"]

1. e4 e5 2. Nf3 Nc6 3. Bb5 Nf6 4. 0-0 Bc5 5. c3 0-0 6. d4 Be7 7. Re1 d6 8. Qa4 Bd7 9. Bg5 a6 10. Bxc6 Bxc6 11. Qc2 Nh5 12. Be3 f6 13. Nbd2 Qc8 14. h3 Bd7 15. g4 Nf4 16. Bxf4 exf4 17. Kh2 h5 18. Nh4 g5 19. Nf5 Re8 20. f3 b5 21. c4 c6 22. Rac1 Qb7 23. e5 fxe5 24. Nh6+ Kg7 25. gxh5 Rf8 26. Qg6+ Kh8 27. Nf7+ Rxf7 28. Qxf7 Be8 29. Qe6 Bxh5 30. Qh6+ Kg8 31. Qxh5 bxc4 32. Qg6+ Kf8 33. dxe5 Qxb2 34. Rc2 Qd4 35. Nxc4 d5 36. e6 1-0

[Event "Barcelona op rap"]
[Site "Barcelona"]
[Date "1996.12.14"]
[Round "2"]
[White "Suba, Mihai"]
[Black "Sanchez Perales, Ezequiel"]
[Result "1-0"]
[WhiteElo "2520"]
[BlackElo "2205"]
[PlyCount "61"]
[EventDate "1996.12.??"]
[EventType "swiss (rapid)"]
[EventRounds "8"]
[EventCountry "ESP"]
[SourceTitle "EXT 2001"]
[Source "ChessBase"]
[SourceDate "2000.11.22"]
[SourceVersion "1"]
[SourceVersionDate "2000.11.22"]
[SourceQuality "1"]

1. c4 e5 2. g3 Nf6 3. Bg2 Bc5 4. a3 a5 5. e3 Nc6 6. Ne2 d6 7. d4 exd4 8. exd4 Ba7 9. h3 0-0 10. Nbc3 h6 11. Be3 Bf5 12. g4 Bg6 13. 0-0 Re8 14. Ng3 Rb8 15. Qd2 Ne7 16. f4 c6 17. f5 Bh7 18. Bf2 b5 19. cxb5 cxb5 20. b4 d5 21. Rfe1 Qd6 22. Qd3 Qc6 23. bxa5 b4 24. axb4 Rxb4 25. Rab1 Rc4 26. Nb5 Bb8 27. Qa3 Bxg3 28. Qxg3 Ne4 29. Bxe4 dxe4 30. Nd6 Rc3 31. Qe5 1-0